Govt. of
Madhya Pradesh

एस एस सी कम्‍बाइन्‍ड मैट्रिक लेवल मुख्‍य परीक्षा (Record no. 30591)

MARC details
000 -LEADER
fixed length control field 005970000a22001810004500
003 - CONTROL NUMBER IDENTIFIER
control field MACL
005 - DATE AND TIME OF LATEST TRANSACTION
control field 20160128114207.0
008 - FIXED-LENGTH DATA ELEMENTS--GENERAL INFORMATION
fixed length control field 160128b xxu||||| |||| 00| 0 eng d
040 ## - CATALOGING SOURCE
Original cataloging agency MACL
Transcribing agency MACL
041 ## - LANGUAGE CODE
Language code of text/sound track or separate title Hindi
082 ## - DEWEY DECIMAL CLASSIFICATION NUMBER
Classification number 378/KIR
100 ## - MAIN ENTRY--PERSONAL NAME
Personal name प्रतियोगिता किरण
9 (RLIN) 34720
245 ## - TITLE STATEMENT
Title एस एस सी कम्‍बाइन्‍ड मैट्रिक लेवल मुख्‍य परीक्षा
260 ## - PUBLICATION, DISTRIBUTION, ETC. (IMPRINT)
Name of publisher, distributor, etc. किरण प्रकाशन
Place of publication, distribution, etc. पटना
350 ## - PRICE (NR) (BK AM CF MU VM SE) [OBSOLETE]
Price 100
650 ## - SUBJECT ADDED ENTRY--TOPICAL TERM
Topical term or geographic name as entry element Educations
9 (RLIN) 32508
942 ## - ADDED ENTRY ELEMENTS (KOHA)
Koha item type Hindi Books
Call number prefix 378/KIR
Source of classification or shelving scheme
Holdings
Withdrawn status Lost status Source of classification or shelving scheme Damaged status Not for loan Home library Current library Date acquired Cost, normal purchase price Total Checkouts Full call number Barcode Date last seen Uniform Resource Identifier Price effective from Koha item type
          MACL MACL 29/04/2015 100.00   378/KIR CLC000222 29/04/2015 30640 15/04/2015 Books